[Event "Match of the Millennials U17"]
[Site "Saint Louis"]
[Date "2017.07.26"]
[Round "1.1"]
[White "Martirosyan, Haik"]
[Black "Xiong, Jeffery"]
[Result "1/2-1/2"]
[BlackElo "2642"]
[WhiteElo "2544"]
[LiveChessVersion "1.4.8"]

1. d4 {[%clk 1:30:59]} Nf6 {[%clk 1:30:49]} 2. c4 {[%clk 1:31:10]} e6 3. Nf3
{[%clk 1:31:10]} d5 {[%clk 1:31:33]} 4. Nc3 c5 {[%clk 1:32:18]} 5. cxd5
{[%clk 1:29:31]} Nxd5 6. g3 {[%clk 1:24:12]} Nxc3 {[%clk 1:30:57]} 7. bxc3
{[%clk 1:24:29]} cxd4 {[%clk 1:30:57]} 8. cxd4 {[%clk 1:24:04]} Bb4+
{[%clk 1:31:38]} 9. Bd2 {[%clk 1:24:25]} Bxd2+ {[%clk 1:32:22]} 10. Qxd2
{[%clk 1:24:49]} b6 {[%clk 1:32:22]} 11. Bg2 {[%clk 1:24:07]} Bb7
{[%clk 1:32:14]} 12. O-O {[%clk 1:17:37]} O-O {[%clk 1:23:38]} 13. Rfc1
{[%clk 1:13:22]} Nd7 {[%clk 1:21:06]} 14. a4 {[%clk 1:13:22]} Nf6
{[%clk 1:15:06]} 15. a5 {[%clk 1:01:27]} b5 {[%clk 1:09:40]} 16. Ne5
{[%clk 1:01:45]} Bxg2 {[%clk 0:57:58]} 17. Kxg2 {[%clk 0:54:38]} a6
{[%clk 0:51:43]} 18. f3 {[%clk 0:54:38]} Ne8 19. e4 {[%clk 0:33:37]} Nd6
{[%clk 0:47:35]} 20. d5 {[%clk 0:33:28]} f6 {[%clk 0:45:50]} 21. Nc6 Qd7
{[%clk 0:45:35]} 22. dxe6 {[%clk 0:29:55]} Qxe6 23. Qd5 {[%clk 0:29:14]} Qxd5
{[%clk 0:39:58]} 24. Ne7+ {[%clk 0:29:14]} Kf7 {[%clk 0:40:19]} 25. Nxd5
{[%clk 0:28:59]} Nc4 {[%clk 0:38:26]} 26. Nb6 {[%clk 0:28:59]} Nxb6
{[%clk 0:34:36]} 27. axb6 {[%clk 0:29:20]} Rfe8 28. Rc6 {[%clk 0:22:41]} Re7
{[%clk 0:31:39]} 29. Kf2 {[%clk 0:22:36]} Rd7 {[%clk 0:27:25]} 30. Ke3
{[%clk 0:21:52]} Ke7 {[%clk 0:16:35]} 31. f4 Rd6 {[%clk 0:17:03]} 32. Rc7+
{[%clk 0:16:17]} Rd7 {[%clk 0:17:31]} 33. Rc6 {[%clk 0:14:08]} Rd6
{[%clk 0:17:59]} 34. Rc7+ {[%clk 0:12:56]} Rd7 1/2-1/2

[Event "Match of the Millennials U17"]
[Site "Saint Louis"]
[Date "2017.07.26"]
[Round "1.2"]
[White "Esipenko, Andrey"]
[Black "Sevian, Sam"]
[Result "0-1"]
[BlackElo "2633"]
[WhiteElo "2523"]
[LiveChessVersion "1.4.8"]

1. d4 {[%clk 1:30:58]} Nf6 {[%clk 1:30:51]} 2. c4 {[%clk 1:31:18]} c5
{[%clk 1:31:03]} 3. d5 {[%clk 1:31:16]} e6 {[%clk 1:31:25]} 4. Nc3
{[%clk 1:31:05]} exd5 {[%clk 1:31:46]} 5. cxd5 {[%clk 1:31:31]} d6
{[%clk 1:32:09]} 6. Nf3 {[%clk 1:31:18]} g6 {[%clk 1:32:29]} 7. Nd2
{[%clk 1:31:27]} Bg7 {[%clk 1:25:53]} 8. Nc4 {[%clk 1:31:21]} O-O
{[%clk 1:23:30]} 9. Bf4 {[%clk 1:31:27]} Na6 {[%clk 1:21:51]} 10. Bxd6
{[%clk 1:21:06]} Re8 {[%clk 1:21:48]} 11. e3 {[%clk 1:17:58]} Ne4
{[%clk 1:20:06]} 12. Nxe4 {[%clk 1:15:12]} Rxe4 {[%clk 1:20:24]} 13. Bg3
{[%clk 1:13:19]} b5 {[%clk 1:20:40]} 14. Nd6 {[%clk 1:05:51]} Rb4
{[%clk 0:53:12]} 15. Be2 {[%clk 1:01:05]} Rxb2 {[%clk 0:44:15]} 16. O-O
{[%clk 0:59:27]} c4 {[%clk 0:42:45]} 17. a4 {[%clk 0:56:23]} Nc5 {[%clk 0:23:45]}
18. Nxb5 {[%clk 0:40:37]} Nb3 {[%clk 0:18:01]} 19. Ra3 {[%clk 0:23:35]} Bf5
{[%clk 0:15:10]} 20. Bc7 {[%clk 0:16:01]} Qd7 {[%clk 0:13:52]} 21. d6
{[%clk 0:16:14]} a6 {[%clk 0:09:59]} 22. Bf3 {[%clk 0:06:32]} Rf8
{[%clk 0:05:00]} 23. Na7 {[%clk 0:05:35]} Rd2 {[%clk 0:04:42]} 24. Qe1
{[%clk 0:04:34]} Rxd6 {[%clk 0:05:05]} 25. Bxd6 {[%clk 0:04:49]} Qxd6
{[%clk 0:05:31]} 26. Ra2 {[%clk 0:05:14]} c3 {[%clk 0:03:13]} 27. Qd1
{[%clk 0:04:44]} Nd2 {[%clk 0:03:02]} 28. Nc6 {[%clk 0:03:28]} c2
{[%clk 0:02:52]} 29. Rxc2 {[%clk 0:01:22]} Nxf3+ {[%clk 0:03:11]} 30. gxf3
{[%clk 0:01:43]} Qxd1 {[%clk 0:03:35]} 31. Rxd1 {[%clk 0:02:10]} Bxc2
{[%clk 0:04:00]} 32. Rd6 {[%clk 0:02:30]} Bxa4 {[%clk 0:03:35]} 33. Ne7+
{[%clk 0:02:55]} Kh8 {[%clk 0:04:03]} 34. Rxa6 {[%clk 0:03:20]} Bb3
{[%clk 0:04:31]} 35. Rb6 {[%clk 0:02:30]} Be6 {[%clk 0:04:50]} 36. Nc6
{[%clk 0:02:41]} Bf6 {[%clk 0:03:51]} 37. Kg2 {[%clk 0:02:29]} Kg7
{[%clk 0:04:15]} 38. Rb8 {[%clk 0:02:43]} Bc3 {[%clk 0:04:12]} 39. Rxf8
{[%clk 0:01:22]} Kxf8 {[%clk 0:04:38]} 40. Kg3 {[%clk 0:01:38]} Bd7
{[%clk 0:04:46]} 0-1

[Event "Match of the Millennials U17"]
[Site "Saint Louis"]
[Date "2017.07.26"]
[Round "1.3"]
[White "Burke, John Michael"]
[Black "Chopra, Aryan"]
[Result "0-1"]
[BlackElo "2491"]
[WhiteElo "2479"]
[LiveChessVersion "1.4.8"]

1. e4 {[%clk 1:30:56]} e5 {[%clk 1:30:54]} 2. Nf3 {[%clk 1:31:17]} Nc6
{[%clk 1:31:18]} 3. Bb5 {[%clk 1:31:11]} a6 {[%clk 1:31:41]} 4. Bxc6
{[%clk 1:31:06]} dxc6 {[%clk 1:32:05]} 5. O-O {[%clk 1:31:31]} Bg4
{[%clk 1:32:27]} 6. h3 {[%clk 1:31:40]} Bh5 {[%clk 1:32:51]} 7. g4
{[%clk 1:31:39]} Bg6 {[%clk 1:33:41]} 8. Nxe5 {[%clk 1:31:54]} Qh4
{[%clk 1:33:41]} 9. Qf3 {[%clk 1:31:50]} f6 {[%clk 1:34:02]} 10. Nxg6
{[%clk 1:32:12]} hxg6 {[%clk 1:34:29]} 11. Kg2 {[%clk 1:32:08]} g5
{[%clk 1:34:43]} 12. Rh1 {[%clk 1:31:14]} Ne7 {[%clk 1:33:13]} 13. d3
{[%clk 1:30:20]} O-O-O {[%clk 1:28:18]} 14. Be3 {[%clk 1:28:26]} Qh7
{[%clk 1:25:26]} 15. Kf1 {[%clk 1:26:55]} Kb8 {[%clk 1:25:47]} 16. Nd2
{[%clk 1:25:52]} Qg8 {[%clk 1:23:57]} 17. Nc4 {[%clk 1:25:07]} Ng6
{[%clk 1:23:52]} 18. Qf5 {[%clk 1:24:48]} Rh6 {[%clk 1:22:57]} 19. a4
{[%clk 1:20:54]} Bb4 {[%clk 1:19:59]} 20. Qf3 {[%clk 1:20:32]} Qh7 21. Ke2
{[%clk 1:08:34]} Rh8 {[%clk 1:01:01]} 22. c3 Be7 {[%clk 0:59:06]} 23. Qf5
{[%clk 0:58:59]} Nf8 {[%clk 0:56:10]} 24. Qxh7 {[%clk 0:51:51]} R6xh7
{[%clk 0:54:32]} 25. b4 {[%clk 0:50:15]} Rxh3 {[%clk 0:53:45]} 26. Rhb1
{[%clk 0:50:36]} b6 {[%clk 0:51:15]} 27. b5 {[%clk 0:48:33]} cxb5
{[%clk 0:48:59]} 28. axb5 {[%clk 0:48:40]} a5 {[%clk 0:48:59]} 29. Nxa5
{[%clk 0:36:05]} bxa5 {[%clk 0:31:00]} 30. Rxa5 {[%clk 0:32:18]} Nd7
{[%clk 0:27:16]} 31. Rba1 {[%clk 0:27:43]} Rxe3+ {[%clk 0:21:47]} 32. Kxe3
{[%clk 0:20:37]} Rh3+ {[%clk 0:20:27]} 33. Ke2 {[%clk 0:19:54]} Nb6
{[%clk 0:17:27]} 34. Rc1 {[%clk 0:17:42]} Bd6 {[%clk 0:14:33]} 35. Rc2
{[%clk 0:12:03]} Kb7 {[%clk 0:07:44]} 36. Raa2 {[%clk 0:09:41]} Nd7
{[%clk 0:07:09]} 37. d4 {[%clk 0:06:48]} Nf8 {[%clk 0:07:22]} 38. Ra6
{[%clk 0:06:07]} Ne6 {[%clk 0:05:16]} 39. Rc1 {[%clk 0:06:32]} Nf4+
{[%clk 0:04:24]} 40. Kd2 {[%clk 0:06:50]} Rf3 {[%clk 0:03:28]} 41. Rf1
{[%clk 0:06:28]} Nh3 {[%clk 0:03:13]} 42. c4 {[%clk 0:03:59]} Bb4+
{[%clk 0:02:54]} 43. Ke2 {[%clk 0:04:23]} Rc3 {[%clk 0:01:49]} 44. c5
{[%clk 0:03:40]} Nf4+ {[%clk 0:01:36]} 45. Kd1 {[%clk 0:04:06]} Nd3
{[%clk 0:01:21]} 46. c6+ {[%clk 0:02:31]} Kb8 {[%clk 0:01:50]} 47. Ra1
{[%clk 0:02:19]} Rc4 {[%clk 0:01:30]} 48. d5 {[%clk 0:01:41]} Nb2+
{[%clk 0:00:47]} 49. Ke2 {[%clk 0:02:08]} Rxe4+ {[%clk 0:01:05]} 50. Kf3
{[%clk 0:02:36]} Rf4+ {[%clk 0:01:18]} 51. Kg3 {[%clk 0:02:29]} Bd6
{[%clk 0:01:02]} 52. Rh1 {[%clk 0:00:59]} Ra4+ {[%clk 0:00:54]} 53. Kf3
{[%clk 0:01:26]} Rxa1 {[%clk 0:00:57]} 54. Rxa1 {[%clk 0:01:52]} Nc4
{[%clk 0:00:57]} 55. Ke4 {[%clk 0:02:00]} Bc5 {[%clk 0:00:51]} 56. Kf5
{[%clk 0:01:48]} Bxf2 {[%clk 0:00:38]} 57. Ke6 {[%clk 0:01:50]} Bb6
{[%clk 0:00:43]} 58. Ra6 {[%clk 0:01:37]} Bc5 {[%clk 0:00:34]} 59. Kd7
{[%clk 0:01:05]} Nb6+ {[%clk 0:00:45]} 60. Ke6 {[%clk 0:01:26]} Nc4
{[%clk 0:00:41]} 61. Ra4 {[%clk 0:01:28]} Nd6 {[%clk 0:00:35]} 62. Ra2
{[%clk 0:00:44]} Bb6 {[%clk 0:00:41]} 63. Kd7 {[%clk 0:00:48]} g6
{[%clk 0:00:36]} 64. Rg2 {[%clk 0:00:39]} Bd4 {[%clk 0:00:34]} 65. Rd2
{[%clk 0:00:39]} Bb6 {[%clk 0:00:45]} 66. Rg2 {[%clk 0:01:01]} Ka7
{[%clk 0:00:37]} 67. Ra2+ {[%clk 0:00:45]} Kb8 {[%clk 0:01:06]} 68. Rg2
{[%clk 0:00:48]} Ne4 {[%clk 0:00:48]} 69. Ke6 {[%clk 0:00:57]} Bd4
{[%clk 0:00:36]} 70. Ra2 {[%clk 0:00:33]} Nd6 {[%clk 0:00:37]} 71. Ra4
{[%clk 0:00:34]} Be5 {[%clk 0:00:35]} 72. b6 {[%clk 0:00:35]} cxb6
{[%clk 0:01:04]} 73. Kd7 {[%clk 0:00:54]} b5 {[%clk 0:00:44]} 74. Ra5
{[%clk 0:01:03]} b4 {[%clk 0:00:32]} 75. c7+ {[%clk 0:01:16]} Kb7
{[%clk 0:01:01]} 76. Rb5+ {[%clk 0:01:41]} Nxb5 {[%clk 0:01:26]} 77. c8=Q+
{[%clk 0:02:07]} Kb6 {[%clk 0:01:50]} 78. Qc6+ {[%clk 0:01:33]} Ka5
{[%clk 0:02:14]} 79. Qa8+ {[%clk 0:02:00]} Kb6 {[%clk 0:02:42]} 80. Qa4
{[%clk 0:01:59]} Kc5 {[%clk 0:02:30]} 81. Ke6 {[%clk 0:00:38]} Nc7+
{[%clk 0:01:10]} 82. Kf7 {[%clk 0:01:02]} Nxd5 {[%clk 0:01:10]} 83. Kxg6
{[%clk 0:01:25]} Ne7+ {[%clk 0:01:04]} 84. Kf7 {[%clk 0:01:46]} Nc6
{[%clk 0:01:32]} 85. Qc2+ {[%clk 0:01:50]} Kb5 {[%clk 0:01:19]} 86. Qd3+
{[%clk 0:02:04]} Kc5 {[%clk 0:01:46]} 87. Ke6 {[%clk 0:01:39]} Nd4+
{[%clk 0:02:06]} 88. Kd7 {[%clk 0:02:06]} b3 {[%clk 0:02:12]} 89. Qc3+
{[%clk 0:02:05]} Kd5 {[%clk 0:02:23]} 90. Ke7 {[%clk 0:00:43]} Nc6+
{[%clk 0:02:44]} 0-1

[Event "Match of the Millennials U17"]
[Site "Saint Louis"]
[Date "2017.07.26"]
[Round "1.4"]
[White "Li, Ruifeng"]
[Black "Smirnov, Anton"]
[Result "1/2-1/2"]
[BlackElo "2495"]
[WhiteElo "2568"]
[LiveChessVersion "1.4.8"]

1. e4 c6 2. Nc3 d5 3. Nf3 Nf6 4. e5 Ne4 5. Nxe4 dxe4 {[%clk 1:31:23]} 6. Ng5
{[%clk 1:28:27]} Qd5 {[%clk 1:31:23]} 7. d4 {[%clk 1:27:57]} exd3
{[%clk 1:20:17]} 8. Bxd3 {[%clk 1:27:33]} h6 {[%clk 1:11:27]} 9. Ne4
{[%clk 1:22:50]} Bf5 {[%clk 1:07:44]} 10. Qe2 {[%clk 1:17:18]} Bxe4
{[%clk 1:07:42]} 11. Qxe4 {[%clk 1:18:11]} Qxe4+ {[%clk 1:08:38]} 12. Bxe4
{[%clk 1:14:18]} e6 {[%clk 1:06:17]} 13. Bd2 {[%clk 1:14:22]} Nd7
{[%clk 0:59:41]} 14. f4 {[%clk 1:12:37]} O-O-O {[%clk 0:58:40]} 15. O-O-O
{[%clk 1:06:08]} Bc5 {[%clk 0:57:36]} 16. c4 {[%clk 1:06:08]} Bd4
{[%clk 0:57:36]} 17. Kc2 {[%clk 1:06:08]} Nc5 {[%clk 0:57:36]} 18. Bf3
{[%clk 1:06:08]} Rd7 19. b4 Na6 20. Kb3 Rhd8 21. Bc1 Nc7 22. Rd3 a5 23. a3 Na6
24. Rhd1 axb4 25. axb4 c5 26. b5 Nb4 27. R3d2 b6 28. h4 Bf2 29. Rd6 Bxh4 30. Bb2
Be7 31. Rxd7 Rxd7 32. Ra1 Rd3+ 33. Bc3 g5 34. Bh5 f6 35. Bf7 gxf4 36. Bxe6+ Kb8
37. Rh1 fxe5 38. Rxh6 f3 39. gxf3 Bg5 40. Rh8+ Kc7 41. Rh7+ Kd8 42. Kb2 Bc1+ 43.
Kxc1 Rxc3+ 44. Kd2 Rxf3 45. Rd7+ Ke8 46. Rb7 Kd8 47. Rd7+ Ke8 48. Rb7 Rf6 49. Bg4
Kd8 50. Bh3 Rd6+ 51. Ke2 Nd3 52. Ke3 Nb2 53. Bf1 Kc8 54. Re7 Rd4 55. Rxe5 Nxc4+
56. Bxc4 Rxc4 57. Re6 Kc7 58. Re7+ Kc8 59. Re6 Kc7 60. Re7+ Kd6 61. Rb7 Kd5 62.
Rd7+ Ke5 63. Re7+ Kd5 1/2-1/2

[Event "Match of the Millennials U17"]
[Site "Saint Louis"]
[Date "2017.07.26"]
[Round "2.1"]
[White "Sevian, Sam"]
[Black "Martirosyan, Haik"]
[Result "1-0"]
[BlackElo "2544"]
[WhiteElo "2633"]
[LiveChessVersion "1.4.8"]

1. d4 {[%clk 1:30:56]} Nf6 {[%clk 1:30:48]} 2. c4 {[%clk 1:31:17]} e6
{[%clk 1:30:28]} 3. g3 {[%clk 1:31:24]} c5 {[%clk 1:30:25]} 4. d5
{[%clk 1:31:24]} exd5 {[%clk 1:30:25]} 5. cxd5 {[%clk 1:31:24]} b5
{[%clk 1:27:10]} 6. Nf3 {[%clk 1:31:10]} d6 {[%clk 1:24:15]} 7. e4
{[%clk 1:31:10]} a6 8. a4 {[%clk 1:31:29]} b4 {[%clk 1:20:02]} 9. Nfd2 h5 10. h4
{[%clk 1:25:52]} Nbd7 {[%clk 1:06:32]} 11. Nc4 {[%clk 1:22:43]} a5
{[%clk 0:59:59]} 12. Bf4 {[%clk 1:17:23]} Nb6 {[%clk 4:16:46]} 13. Nbd2
{[%clk 1:01:03]} Nxc4 {[%clk 0:59:11]} 14. Bxc4 {[%clk 1:00:54]} Be7 15. Bb5+
{[%clk 0:56:54]} Kf8 {[%clk 0:53:48]} 16. O-O {[%clk 0:45:24]} Nd7
{[%clk 0:37:41]} 17. Re1 {[%clk 0:42:11]} f6 18. Nc4 {[%clk 0:37:08]} Qc7
{[%clk 0:34:44]} 19. Qf3 {[%clk 0:33:13]} Kg8 {[%clk 0:31:04]} 20. e5
{[%clk 0:26:38]} fxe5 21. Nxe5 {[%clk 0:19:52]} Nxe5 {[%clk 0:27:11]} 22. Bxe5
{[%clk 0:18:15]} Bh3 {[%clk 0:17:03]} 23. Qe4 Bf8 {[%clk 0:17:32]} 24. Bf4
{[%clk 0:17:19]} Qf7 {[%clk 0:16:36]} 25. Bd3 {[%clk 0:09:30]} Ra7
{[%clk 0:16:06]} 26. Kh2 {[%clk 0:06:59]} Bg4 {[%clk 0:12:54]} 27. Qg6
{[%clk 0:05:35]} Bf3 {[%clk 0:12:47]} 28. Qxf7+ {[%clk 0:01:06]} Kxf7
{[%clk 0:12:13]} 29. Bc4 {[%clk 0:01:10]} Bg4 30. Re3 {[%clk 0:01:10]} Re7
{[%clk 0:11:13]} 31. Rf1 {[%clk 0:01:35]} Rxe3 {[%clk 0:09:05]} 32. fxe3
{[%clk 0:01:28]} Ke8 {[%clk 0:04:44]} 33. e4 {[%clk 0:01:24]} Be7 34. e5 dxe5
{[%clk 0:01:34]} 35. Bxe5 {[%clk 0:01:52]} Bf6 {[%clk 0:01:57]} 36. Bc7
{[%clk 0:01:15]} Bxb2 {[%clk 0:00:33]} 37. Bb5+ {[%clk 0:00:56]} Ke7
{[%clk 0:01:01]} 38. d6+ {[%clk 0:00:54]} Ke6 {[%clk 0:01:30]} 39. Bc4+
{[%clk 0:01:03]} Kd7 {[%clk 0:01:58]} 40. Bb5+ {[%clk 0:01:27]} Ke6
{[%clk 0:02:24]} 41. d7 {[%clk 0:00:51]} Bf6 {[%clk 0:02:52]} 42. Re1+
{[%clk 0:00:38]} Kd5 {[%clk 0:02:50]} 43. Re8 {[%clk 0:00:36]} Bxd7
{[%clk 0:03:16]} 44. Bxd7 {[%clk 0:00:34]} Rxe8 {[%clk 0:03:39]} 45. Bxe8
{[%clk 0:01:03]} c4 {[%clk 0:02:39]} 46. Bxa5 {[%clk 0:01:19]} Kc5
{[%clk 0:01:33]} 47. Bf7 {[%clk 0:01:05]} b3 {[%clk 0:00:44]} 48. Kg2
{[%clk 0:01:06]} g5 {[%clk 0:00:31]} 49. hxg5 {[%clk 0:01:12]} Bxg5
{[%clk 0:01:01]} 50. Bc3 {[%clk 0:01:11]} h4 {[%clk 0:01:16]} 51. g4
{[%clk 0:01:18]} Be3 {[%clk 0:00:32]} 52. a5 {[%clk 0:01:41]} Kb5
{[%clk 0:00:31]} 53. a6 {[%clk 0:01:25]} Ka4 {[%clk 0:00:31]} 54. Bxc4
{[%clk 0:01:48]} 1-0

[Event "Match of the Millennials U17"]
[Site "Saint Louis"]
[Date "2017.07.26"]
[Round "2.2"]
[White "Xiong, Jeffery"]
[Black "Smirnov, Anton"]
[Result "1/2-1/2"]
[BlackElo "2495"]
[WhiteElo "2642"]
[LiveChessVersion "1.4.8"]

1. Nf3 {[%clk 1:30:56]} d5 {[%clk 1:30:54]} 2. d4 {[%clk 1:31:20]} Nf6
{[%clk 1:31:12]} 3. c4 {[%clk 1:31:42]} c6 {[%clk 1:31:39]} 4. Nc3
{[%clk 1:32:05]} e6 {[%clk 1:32:05]} 5. Bg5 {[%clk 1:32:26]} Nbd7
{[%clk 1:32:19]} 6. e3 {[%clk 1:32:47]} Qa5 {[%clk 1:32:44]} 7. cxd5
{[%clk 1:33:08]} Nxd5 {[%clk 1:32:59]} 8. Qd2 {[%clk 1:33:30]} Bb4
{[%clk 1:32:12]} 9. Rc1 {[%clk 1:33:51]} h6 {[%clk 1:32:37]} 10. Bh4
{[%clk 1:34:14]} O-O {[%clk 1:32:54]} 11. a3 {[%clk 1:34:31]} Bxc3
{[%clk 1:33:15]} 12. bxc3 {[%clk 1:34:54]} Qxa3 {[%clk 1:33:40]} 13. e4
{[%clk 1:35:02]} Ne7 {[%clk 1:34:04]} 14. Bd3 {[%clk 1:33:30]} Ng6
{[%clk 1:34:12]} 15. Bg3 {[%clk 1:33:52]} e5 {[%clk 1:34:36]} 16. h4
{[%clk 1:29:29]} Re8 {[%clk 1:31:55]} 17. h5 {[%clk 1:07:56]} Nf4
{[%clk 1:30:21]} 18. Bxf4 {[%clk 1:03:23]} exf4 {[%clk 1:30:45]} 19. Qxf4
{[%clk 1:03:37]} Nf6 {[%clk 1:27:19]} 20. Ne5 {[%clk 1:01:53]} Be6
{[%clk 1:22:22]} 21. O-O {[%clk 0:56:04]} Nxh5 {[%clk 1:12:18]} 22. Qe3
{[%clk 0:56:06]} Nf6 {[%clk 0:59:29]} 23. f4 {[%clk 0:55:40]} Rad8
{[%clk 0:46:16]} 24. Be2 {[%clk 0:52:23]} Qf8 {[%clk 0:38:23]} 25. Rb1
{[%clk 0:48:05]} Re7 {[%clk 0:36:43]} 26. c4 {[%clk 0:33:37]} Qe8
{[%clk 0:34:37]} 27. d5 {[%clk 0:28:51]} Bc8 {[%clk 0:34:21]} 28. Bf3
{[%clk 0:28:51]} cxd5 {[%clk 0:29:08]} 29. cxd5 {[%clk 0:28:48]} Rxe5
{[%clk 0:29:01]} 30. fxe5 {[%clk 0:29:15]} Qxe5 {[%clk 0:29:24]} 31. Qxa7
{[%clk 0:27:58]} Nxe4 {[%clk 0:24:10]} 32. Qe3 {[%clk 0:19:27]} f5
{[%clk 0:23:48]} 33. Bxe4 {[%clk 0:14:52]} fxe4 {[%clk 0:23:36]} 34. Rb4
{[%clk 0:15:20]} Bf5 {[%clk 0:20:07]} 35. Rb5 {[%clk 0:12:02]} Bd7
{[%clk 0:16:57]} 36. Rxb7 {[%clk 0:09:50]} Qxd5 {[%clk 0:17:10]} 37. Rc7
{[%clk 0:05:36]} Qd6 {[%clk 0:14:44]} 38. Qc5 {[%clk 0:04:00]} Be6
{[%clk 0:10:39]} 39. Qxd6 {[%clk 0:02:19]} Rxd6 {[%clk 0:11:08]} 40. Re7
{[%clk 0:02:43]} Kh7 {[%clk 0:08:56]} 41. Rf6 {[%clk 0:02:46]} Rd1+
{[%clk 0:08:54]} 42. Kh2 {[%clk 0:03:14]} Bg8 {[%clk 0:07:05]} 43. Rf4
{[%clk 0:02:48]} Rd6 {[%clk 0:05:37]} 44. Rfxe4 {[%clk 0:02:40]} Rg6
{[%clk 0:05:57]} 45. R7e5 {[%clk 0:02:54]} Bb3 {[%clk 0:05:38]} 46. Kg1
{[%clk 0:03:03]} Rf6 {[%clk 0:05:10]} 47. Re3 {[%clk 0:03:12]} Bf7
{[%clk 0:04:56]} 48. Rc5 {[%clk 0:02:50]} g6 {[%clk 0:04:15]} 49. Rc7
{[%clk 0:02:30]} Kg7 {[%clk 0:04:31]} 50. Kh2 {[%clk 0:02:42]} h5
{[%clk 0:04:42]} 51. Re5 {[%clk 0:02:33]} Kh6 {[%clk 0:04:46]} 52. Ree7
{[%clk 0:02:23]} Kg7 {[%clk 0:05:15]} 53. Kg3 {[%clk 0:02:33]} Rf5
{[%clk 0:05:36]} 54. Red7 {[%clk 0:02:44]} Rf6 {[%clk 0:05:41]} 55. Re7
{[%clk 0:02:50]} Rf5 {[%clk 0:05:57]} 56. Ra7 {[%clk 0:02:59]} Rf6
{[%clk 0:06:23]} 57. Re4 {[%clk 0:03:15]} Kh6 {[%clk 0:05:55]} 58. Re5
{[%clk 0:03:21]} Bc4 {[%clk 0:05:35]} 59. Ree7 {[%clk 0:03:43]} Bd3
{[%clk 0:05:41]} 60. Ra3 {[%clk 0:03:12]} Bf5 {[%clk 0:05:39]} 61. Kf4
{[%clk 0:02:53]} Bg4+ {[%clk 0:05:55]} 62. Kg3 {[%clk 0:02:17]} Kg5
{[%clk 0:06:11]} 63. Ra5+ {[%clk 0:02:31]} Bf5 {[%clk 0:06:36]} 64. Re3
{[%clk 0:02:22]} Rb6 {[%clk 0:06:45]} 65. Kh2 {[%clk 0:02:29]} Rc6
{[%clk 0:07:09]} 66. Rg3+ {[%clk 0:02:53]} Kh6 {[%clk 0:07:34]} 67. Ra8
{[%clk 0:03:03]} Bg4 {[%clk 0:07:57]} 68. Re3 {[%clk 0:03:04]} Kg5
{[%clk 0:08:18]} 69. Kg3 {[%clk 0:02:52]} Bf5 {[%clk 0:08:42]} 70. Ra5
{[%clk 0:03:04]} Rc2 {[%clk 0:08:51]} 71. Kh2 {[%clk 0:02:55]} Rc6
{[%clk 0:09:09]} 72. Raa3 {[%clk 0:02:28]} Rb6 {[%clk 0:09:24]} 73. Rab3
{[%clk 0:02:32]} Ra6 {[%clk 0:09:47]} 74. Rg3+ {[%clk 0:02:17]} Kh6
{[%clk 0:10:11]} 75. Ra3 {[%clk 0:02:23]} Rb6 {[%clk 0:10:32]} 76. Rgb3
{[%clk 0:02:46]} Rc6 {[%clk 0:10:57]} 77. Rc3 {[%clk 0:02:45]} Rb6
{[%clk 0:11:14]} 1/2-1/2

[Event "Match of the Millennials U17"]
[Site "Saint Louis"]
[Date "2017.07.26"]
[Round "2.3"]
[White "Chopra, Aryan"]
[Black "Checa, Nicolas"]
[Result "1-0"]
[BlackElo "2415"]
[WhiteElo "2491"]
[LiveChessVersion "1.4.8"]

1. e4 {[%clk 1:30:31]} e6 {[%clk 1:30:54]} 2. d4 {[%clk 1:30:34]} d5
{[%clk 1:31:16]} 3. Nc3 {[%clk 1:30:50]} Bb4 {[%clk 1:31:33]} 4. e5
{[%clk 1:31:12]} Ne7 {[%clk 1:31:41]} 5. a3 {[%clk 1:31:33]} Bxc3+
{[%clk 1:32:06]} 6. bxc3 {[%clk 1:31:58]} c5 {[%clk 1:32:30]} 7. Qg4
{[%clk 1:32:21]} cxd4 {[%clk 1:31:43]} 8. Qxg7 {[%clk 1:32:30]} Rg8
{[%clk 1:32:08]} 9. Qxh7 {[%clk 1:32:51]} Qc7 {[%clk 1:32:05]} 10. Ne2
{[%clk 1:33:03]} dxc3 {[%clk 1:32:23]} 11. f4 {[%clk 1:33:00]} Bd7
{[%clk 1:32:08]} 12. Qd3 {[%clk 1:28:11]} Nf5 {[%clk 1:32:15]} 13. Rb1
{[%clk 1:12:16]} Na6 {[%clk 1:30:26]} 14. Qxc3 {[%clk 1:05:50]} Qxc3+
{[%clk 1:17:21]} 15. Nxc3 {[%clk 1:06:17]} Bc6 {[%clk 1:17:43]} 16. Rg1
{[%clk 1:00:43]} Nc5 {[%clk 1:15:47]} 17. Ne2 {[%clk 0:57:55]} Ba4
{[%clk 1:10:55]} 18. Rb2 {[%clk 0:52:49]} d4 {[%clk 1:05:28]} 19. g4
{[%clk 0:47:55]} Nh4 {[%clk 1:04:56]} 20. Nxd4 {[%clk 0:38:41]} O-O-O
{[%clk 1:03:48]} 21. c3 {[%clk 0:37:27]} Nf3+ {[%clk 0:49:38]} 22. Nxf3
{[%clk 0:37:50]} Rd1+ {[%clk 0:50:04]} 23. Kf2 {[%clk 0:37:38]} Ne4+
{[%clk 0:44:56]} 24. Ke3 {[%clk 0:35:46]} Rxc1 {[%clk 0:45:14]} 25. Be2
{[%clk 0:32:38]} Rxc3+ {[%clk 0:17:27]} 26. Kxe4 {[%clk 0:33:02]} Bc6+
{[%clk 0:17:39]} 27. Kd4 {[%clk 0:33:30]} Rxa3 {[%clk 0:18:01]} 28. Ng5
{[%clk 0:28:10]} Rd8+ {[%clk 0:17:21]} 29. Kc4 {[%clk 0:27:24]} Rd5
{[%clk 0:13:13]} 30. Rb3 {[%clk 0:22:13]} Ra4+ {[%clk 0:11:44]} 31. Kc3
{[%clk 0:22:25]} Rxf4 {[%clk 0:12:07]} 32. Rf1 {[%clk 0:19:53]} Rc5+
{[%clk 0:10:43]} 33. Kd2 {[%clk 0:19:26]} Ra4 {[%clk 0:09:47]} 34. Nxf7
{[%clk 0:18:56]} Ra2+ {[%clk 0:10:10]} 35. Ke3 {[%clk 0:18:16]} Rcc2
{[%clk 0:08:02]} 36. Bf3 {[%clk 0:17:53]} Kd7 {[%clk 0:07:33]} 37. Rd1+
{[%clk 0:15:10]} Kc7 {[%clk 0:06:51]} 38. Nd8 {[%clk 0:14:56]} Bxf3
{[%clk 0:05:54]} 39. Nxe6+ {[%clk 0:15:02]} 1-0